[Event "Paris GCT 2017 Blitz"]
[Site "Paris"]
[Date "2017.06.25"]
[Round "16"]
[White "Grischuk, Alexander"]
[Black "Karjakin, Sergey"]
[Result "1/2-1/2"]
[WhiteElo "2761"]
[BlackElo "2781"]
[Annotator "TA"]
[PlyCount "73"]
[EventDate "2017.??.??"]
[EventType "tourn"]
[EventCountry "FRA"]
[SourceTitle "playchess.com"]
[Source "ChessBase"]
[SourceQuality "1"]

{[%evp 24,73,16,18,34,13,51,0,3,7,23,0,0,0,0,-62,12,11,25,18,21,6,1,-18,0,0,7,-30,-25,-54,-17,-36,-34,-31,-45,-75,-22,-43,-8,-8,0,0,5,0,0,0,0,0,0,0,0,4]} 1. Nf3 Nf6 2. b3 d5 3. Bb2 e6 4. c4 Be7 5. g3 O-O 6. Bg2 c5 7. cxd5 Nxd5 8. O-O Nc6 9. d4 cxd4 10. Nxd4 Bf6 11. Na3 Bd7 12. Nc4 Nxd4 13. Bxd4 Bc6 {A14: English Opening: 1...e6 with b3 by White} (13... Bb5 14. Rc1 Rc8 15. a4 Ba6 16. e3 b6 17. Bxd5 Qxd5 18. Bxf6 Qxd1 19. Rfxd1 gxf6 20. Rd7 Bxc4 21. bxc4 {1-0 (43) Kramnik,V (2812)-Nakamura,H (2787) Leuven 2016}) 14. Ne5 Rc8 $146 (14... Bxe5 $5 15. Bxe5 Qa5 $14) ({Predecessor:} 14... Bxe5 15. Bxe5 Qg5 16. Bb2 Rfd8 17. Qe1 a5 18. h4 Qg6 19. Rc1 a4 20. b4 a3 21. Ba1 {½-½ (38) Gausel,E (2492)-Lie,K (2284) Bergen 2000}) 15. Rc1 Bxe5 16. Bxe5 Qa5 17. Ba1 (17. Qd4 $5 {[%cal Re5g7]} f6 18. e4 $14) 17... Qxa2 18. e4 Ne7 19. Qg4 (19. Qd4 $11 f6 20. Qb4) 19... e5 (19... Ng6 $15) 20. Bxe5 $11 {[%csl Ge5][%cal Rg4g7] [#]} Ng6 21. Bd6 Rfe8 22. b4 (22. e5 $5) 22... Rcd8 $132 {[%mdl 2048] Black has counterplay} 23. Bc7 Rc8 24. Bd6 {[#] aiming for b5!} Rcd8 25. Bc7 Rd4 {[%cal Rc6e4]} 26. h4 h6 27. h5 Ne5 28. Bxe5 $1 Rxe5 29. Rfd1 Rxd1+ (29... Qb2 $17 30. Rb1 Rxd1+ 31. Qxd1 Qc3) 30. Rxd1 Re8 31. e5 {The position is equal.} Bxg2 32. Kxg2 {KQR-KQR} Qa4 33. Qd7 Qxd7 34. Rxd7 {Strongly threatening f4.} Rxe5 {Threatens to win with ...Rb5.} 35. Rxb7 a5 36. bxa5 Rxa5 37. g4 {Precision: White = 34%, Black = 40%.} 1/2-1/2

[Event "Paris GCT 2017 Blitz"]
[Site "Paris"]
[Date "2017.06.25"]
[Round "16"]
[White "Topalov, Veselin"]
[Black "So, Wesley"]
[Result "0-1"]
[WhiteElo "2749"]
[BlackElo "2812"]
[Annotator "TA"]
[PlyCount "92"]
[EventDate "2017.??.??"]
[EventType "tourn"]
[EventCountry "FRA"]
[SourceTitle "playchess.com"]
[Source "ChessBase"]
[SourceQuality "1"]

{[%evp 14,92,8,7,20,14,34,36,29,16,14,0,35,14,55,0,0,-7,16,0,72,-33,76,83,56,-103,-97,-107,-82,-78,-81,-84,-84,-84,-84,-84,-84,-84,-72,-57,-84,-84,-84,-30,-49,-95,0,0,0,-85,-87,-86,-86,-286,-263,-272,-259,-246,-263,-334,-319,-767,-759,-756,-751,-751,-745,-729,-717,-706,-713,-685,-677,-782,-781,-29954,-832,-29980,-29981,-29981,-29982]} 1. c4 g6 2. e4 e5 3. Nc3 Bg7 4. g3 Ne7 5. Bg2 d6 6. d3 c5 {A21: English Opening: 1...e5 2 Nc3} 7. a3 (7. Nge2 Nbc6 8. O-O O-O 9. a3 {½-½ (9) Martinovic,S (2529)-Jovanovic,Z (2531) Mali Losinj 2016}) 7... Nbc6 8. Rb1 {LiveBook: 3 Games} Be6 $146 {The position is equal.} ({Predecessor:} 8... O-O 9. Nge2 f5 10. f4 Be6 11. O-O {1-0 (26) Nemeth,Z (2306)-Laza,S (2176) Zalakaros 2015}) 9. b4 Qd7 10. Nf3 h6 11. bxc5 dxc5 12. Nd5 g5 13. O-O O-O 14. Be3 (14. h4 $1 $14) 14... b6 $11 15. h4 g4 16. Nh2 h5 (16... f5 $1 $11) 17. Rb2 (17. f3 $16) 17... Nd4 (17... f5 $15) 18. Bxd4 $16 cxd4 19. f4 $2 (19. f3 $14 {stays ahead.}) 19... Bxd5 $17 20. cxd5 Rac8 21. Rbf2 {White wants to play fxe5.} exf4 22. Rxf4 Qd6 23. Nxg4 hxg4 24. Qxg4 {next Rf6 is good for White.} Ng6 ({Worse is} 24... Qxa3 25. h5 $16) 25. Rxf7 Rxf7 26. Qxc8+ Rf8 27. Rxf8+ Qxf8 28. Qe6+ Qf7 {...Qxe6 is the strong threat.} 29. Qc8+ Qf8 30. Qe6+ Qf7 31. Qc8+ $1 Nf8 32. Bh3 {[#] Hoping for Be6.} Qf3 $1 {[%csl LRd3,LRg3]} 33. Qb8 $2 (33. Kh2 $17) 33... Qe3+ 34. Kg2 Qd2+ ({Not} 34... Qxd3 35. Be6+ Kh8 36. Qf4 $17) 35. Kh1 Qxd3 36. Be6+ Kh8 37. Bf5 $2 (37. Qf4) 37... Qf3+ 38. Kh2 d3 {Strongly threatening ...d2.} 39. Qf4 Qe2+ 40. Kh3 d2 41. Bg4 d1=Q {[%cal Rd1h1]} 42. Bxe2 Qxe2 43. d6 Qd1 44. e5 Ng6 (44... Qh1+ $142 45. Kg4 Ng6 46. Qf5 Nxe5+ 47. Kg5 Qc1+ 48. Qf4 Qc8 49. Qf5 {[#]} Bh6+ $1 {[%mdl 512]} 50. Kf6 Ng4+ 51. Qxg4 Qxg4 52. Ke5 Qxg3+ 53. Ke6 Qxa3 54. d7 Qd3 55. Ke7 Qe4+ 56. Kf7 Qxh4 57. Ke6 Qe4+ 58. Kf6 Qc6+ 59. Kf5 Qxd7+ 60. Ke5 a5 61. Ke4 a4 62. Kf3 a3 63. Kf2 a2 64. Kg3 a1=Q 65. Kh4 Qg1 66. Kh5 Qh3#) 45. Qf5 Qh1+ 46. Kg4 Nxe5+ {Precision: White = 39%, Black = 54%.} 0-1

[Event "Paris GCT 2017 Blitz"]
[Site "Paris"]
[Date "2017.06.25"]
[Round "16"]
[White "Bacrot, Etienne"]
[Black "Caruana, Fabiano"]
[Result "0-1"]
[WhiteElo "2708"]
[BlackElo "2808"]
[Annotator "TA"]
[PlyCount "68"]
[EventDate "2017.??.??"]
[EventType "tourn"]
[EventCountry "FRA"]
[SourceTitle "playchess.com"]
[Source "ChessBase"]
[SourceQuality "1"]

{[%evp 19,68,96,86,0,-1,-5,0,-31,-9,-31,-26,-42,31,0,0,0,0,0,0,0,0,0,15,20,21,10,27,26,25,22,29,-18,-17,-16,-17,-95,-100,-95,-88,-109,-103,-103,-106,-95,-100,-101,-97,-105,-88,-5883,-5909]} 1. e4 e6 2. d4 d5 3. exd5 exd5 4. Nf3 Bg4 {[%cal Bc8g4,Bg4h5,Bh5g6,Bg6e4][%mdl 32]} 5. h3 Bh5 6. Qe2+ Qe7 7. Be3 Nc6 8. Nc3 O-O-O 9. O-O-O Nf6 10. g4 Bg6 11. Bg2 {C01: French: Exchange Variation} (11. Ne5 $16) 11... Ne4 $1 $11 {[%cal Re4c3]} 12. Nxe4 $1 Bxe4 13. a3 $146 {The position is equal.} ({Predecessor:} 13. Rhe1 f6 14. a3 Qf7 15. Nh4 Bxg2 16. Nxg2 h5 17. Nf4 hxg4 18. Qxg4+ f5 {1-0 (44) Kiselev,V (2505)-Pushkov,N (2513) Lugansk 2007}) 13... g6 14. Rhe1 Bg7 15. Bf1 h5 (15... f5 $15) 16. Nd2 {Threatens to win with f3.} Bxd4 17. Nxe4 dxe4 18. Bxd4 Nxd4 19. Qxe4 Qc5 {[#] Hoping for ...Nb3+.} 20. c3 {[%cal Rd1d4]} Nc6 ({Don't play} 20... Nb3+ $6 21. Kc2 $16) 21. Qf4 hxg4 {And now ...Rxd1+ would win.} 22. hxg4 Rhf8 23. Rxd8+ Nxd8 24. Bc4 a6 25. g5 (25. b4 $5 {[%cal Rb4c5]} Qc6 26. Kb2 $11) 25... Ne6 26. Bxe6+ fxe6 {[%mdl 4096] Endgame KQR-KQR} 27. Qe4 (27. Qg4 $11 {remains equal.}) 27... Qxg5+ $17 28. Kb1 Rf6 29. Re2 Qd5 30. Qe3 b6 31. Rd2 Qf5+ 32. Ka2 Kb7 33. Rd7 a5 34. Kb3 $2 {[%mdl 8192] [#]} (34. Qe2 $17) 34... Qb5+ {Precision: White = 40%, Black = 65%.} 0-1

[Event "Paris GCT 2017 Blitz"]
[Site "Paris"]
[Date "2017.06.25"]
[Round "17"]
[White "So, Wesley"]
[Black "Mamedyarov, Shakhriyar"]
[Result "1/2-1/2"]
[WhiteElo "2812"]
[BlackElo "2800"]
[Annotator "TA"]
[PlyCount "95"]
[EventDate "2017.??.??"]
[EventType "tourn"]
[EventCountry "FRA"]
[SourceTitle "playchess.com"]
[Source "ChessBase"]
[SourceQuality "1"]

{[%evp 20,95,84,60,70,54,93,87,95,97,95,55,77,76,90,89,85,84,92,70,85,73,77,59,79,39,48,45,39,33,63,7,7,7,7,0,0,0,0,0,0,0,0,0,0,0,0,0,0,0,0,0,0,0,0,0,0,0,0,0,0,0,0,0,0,0,0,0,0,0,0,0,0,0,0,0,0,0]} 1. Nf3 Nf6 2. c4 g6 3. Nc3 d5 4. cxd5 Nxd5 5. e4 Nxc3 6. dxc3 Qxd1+ 7. Kxd1 Nd7 {[%cal Bb8d7,Bd7c5,Bc5a4][%mdl 32]} 8. Bf4 c6 9. Kc2 Nc5 {A16: English Opening: 1...Nf6 with ...d5} 10. Nd2 Bg7 11. Be3 {LiveBook: 3 Games} Na4 $146 {White is slightly better.} ({Predecessor:} 11... Nd7 12. a4 O-O 13. a5 Ne5 14. Bc5 f5 15. Bxe7 Re8 16. Bh4 fxe4 17. Nxe4 {1-0 (35) Zvjaginsev,V (2671)-Semeniuk,A (2417) Vladivostok 2012}) 12. Bc4 Nb6 13. Bb3 Nd7 14. a4 O-O 15. h4 h5 16. a5 Ne5 17. f3 Rd8 18. Rhd1 Kf8 19. Nc4 {[%cal Rd1d8] [#]} Rxd1 20. Rxd1 {[%cal Rd1d8]} Ke8 21. Nd2 Bf6 22. Bd4 b6 23. Ra1 Bb7 24. g3 c5 25. Bxe5 (25. Be3 $1 $14) 25... Bxe5 $11 {The position is equal.} 26. f4 Bc7 27. axb6 axb6 28. Rxa8+ Bxa8 29. Bd5 Bxd5 30. exd5 {[%mdl 4096] Endgame KB-KN} Kd7 31. Kd3 Kd6 32. c4 e6 33. Ne4+ Kd7 34. dxe6+ Kxe6 35. Nc3 Bd8 36. Nd5 Kf5 {[#] Hoping for ...Kg4.} 37. Ne3+ Ke6 38. b3 Be7 39. Nd5 Bd8 40. Ke4 f5+ 41. Kd3 Kd6 (41... b5 $5) 42. Kc3 b5 43. Kd3 Kc6 44. Nc3 b4 45. Nd5 Kd6 46. Ke3 Ke6 (46... Bc7 $5) 47. Kd3 Kd6 48. Ke3 {Precision: White = 67%, Black = 84%.} 1/2-1/2

[Event "Paris GCT 2017 Blitz"]
[Site "Paris"]
[Date "2017.06.25"]
[Round "17"]
[White "Caruana, Fabiano"]
[Black "Topalov, Veselin"]
[Result "0-1"]
[WhiteElo "2808"]
[BlackElo "2749"]
[Annotator "TA"]
[PlyCount "140"]
[EventDate "2017.??.??"]
[EventType "tourn"]
[EventCountry "FRA"]
[SourceTitle "playchess.com"]
[Source "ChessBase"]
[SourceQuality "1"]

{[%evp 19,140,19,13,-161,35,54,30,0,0,-94,-87,-87,-47,-41,-37,-103,-96,-111,-98,-90,-104,-116,-105,-112,-85,-100,-62,-101,-113,-130,-123,-103,59,-138,-108,-85,-6,-2,-8,-2,0,-5,0,-19,94,55,68,57,197,195,233,233,213,95,167,101,135,103,105,85,943,79,104,0,0,0,6,0,0,0,0,0,50,-33,-37,-125,-122,-163,-178,-175,-167,-181,-76,-100,-64,-236,-196,-655,-187,-276,-229,-519,-512,-829,-789,-672,-639,-972,-951,-1527,-1483,-1311,-1111,-1324,-1138,-1695,-1610,-12837,-12838,-12841,-12842,-12842,-12842,-12846,-12846,-12847,-12847,-12847,-12846,-12847,-12846,-12845,-12845]} 1. e4 c5 2. Nc3 d6 3. Nge2 Nf6 4. h3 Nc6 5. d4 cxd4 6. Nxd4 g6 7. Be3 Bg7 8. Qd2 O-O 9. O-O-O Bd7 10. f4 Rc8 11. Nb3 $146 {B34: Sicilian: Accelerated Dragon with 5 Nc3: sidelines} (11. Kb1 $11 {and White is okay.}) ({Predecessor:} 11. g4 Nxd4 12. Bxd4 Rxc3 13. Qxc3 Nxe4 14. Qe3 Bc6 15. Bg2 Bxd4 16. Rxd4 Nf6 17. Bxc6 bxc6 18. Re1 Nd5 19. Qd2 Qc7 20. c4 Nf6 21. Kb1 Rb8 22. Qc3 Qb7 23. Rxd6 exd6 24. Qxf6 d5 25. Re7 {1-0 (25) Predein,V (2402)-Pospelov,E (2322) Kurgan 2001}) 11... a6 $2 (11... Nb4 $19 12. Kb1 Be6) 12. Kb1 $14 b5 {[%cal Bb7b5,Bb5b4][%mdl 32]} 13. Qe1 {White has an edge.} Qc7 14. Bd3 (14. Qf2 $11 {keeps the balance.}) 14... Nb4 $17 15. Rc1 Nxd3 16. cxd3 Qb8 17. g4 (17. Qd2 $15) 17... b4 18. Ne2 a5 {[%cal Ba6a5,Ba5a4,Ba4a3][%mdl 32]} 19. Qd2 a4 20. Nbd4 Qb7 21. Ng3 Rfd8 22. f5 Qa6 23. g5 Ne8 24. h4 a3 {White must now prevent ...axb2.} 25. b3 Bb5 $2 (25... d5 $17 26. Rxc8 Rxc8) 26. Rc4 $2 (26. Nxb5 $14 {keeps the upper hand.} Qxb5 27. d4) 26... d5 27. exd5 Rxd5 (27... Nc7 $17 28. Nxb5 Nxb5) 28. Nxb5 $11 Rxb5 29. fxg6 fxg6 30. Qc2 Rbb8 31. Ne4 Qe6 (31... Nd6 $11) 32. Bf4 Ra8 33. Re1 $36 {[%mdl 2048] Hoping for Nf6+! White has the initiative.} (33. Rc1 $5 {[%cal Rc4c8]} Rd8 34. Rxb4 $16) 33... Qg4 (33... Qd7 $14) 34. Bd2 $18 Rxc4 35. Qxc4+ Kh8 {[#]} 36. Bxb4 (36. Nd6 $1 $18 {[%mdl 512] and White stays clearly on top.} Qxc4 (36... exd6 37. Qxg4) 37. Nxc4) 36... Qxh4 (36... Rc8 $16 {was worth a try.} 37. Qa6 Qg2) 37. Bc3 (37. Nd6 $18 {Intending Nf7+ and mate.} Qxc4 38. Nxc4) 37... Bxc3 $16 38. Qxc3+ Ng7 39. Rf1 e5 $2 {[%mdl 8192]} (39... Qg4 $16) 40. Qxe5 $2 (40. Qc5 $18 {Threatening mate with Rf8+.} Rg8 41. Nd6) 40... Qh3 41. Qf6 (41. Ng3 $16) 41... Qxd3+ $11 42. Ka1 {White threatens Qf8+! and mate.} Qd8 ({Inferior is} 42... Qxe4 {[#]} 43. Qf8+ $1 {[%mdl 512]} Rxf8 44. Rxf8#) 43. b4 Qxf6+ 44. gxf6 {[%mdl 4096] Endgame KRN-KRN} Nf5 45. b5 Rb8 46. Nc3 (46. Rc1 $14) 46... Kg8 $15 {And now ...Kf7 would win.} 47. Rb1 (47. Rd1 $15) 47... Kf7 $17 48. b6 Kxf6 49. Rb4 Ke5 50. Kb1 Nd6 (50... h5 $19 51. Kc1 h4) 51. Kc2 h5 {[%cal Bh7h5,Bh5h4,Bh4h3,Bh3h2][%mdl 32] ...g5 is the strong threat.} 52. Kb3 $2 ({White should play} 52. Kd3 $15) 52... g5 $19 {[%cal Bg6g5,Bg5g4][%mdl 32]} 53. Na4 $2 (53. Kc2) 53... Nb7 $2 (53... h4 54. Rg4 Ne4) 54. Rb5+ (54. Nc3 $142) 54... Kf4 55. Rd5 $2 (55. Rb4+ Kf5 56. Nc3) 55... h4 {Black is clearly winning.} 56. Rd7 (56. Rd3 $142 g4 57. Rd4+ Kf3 58. Rd3+ Kf4 59. Rd4+ Kf3 60. Rd3+ Kf2 61. Rd4) 56... h3 57. Rh7 g4 58. Kc4 Kg3 59. Kd5 h2 60. Nc3 Na5 61. Ne2+ Kg2 62. Nf4+ Kf3 63. Rxh2 Kxf4 {KRN-KR} 64. Kc5 g3 65. Rh4+ Kf3 {( -> ...g2)} 66. Kb5 g2 67. Rh3+ Kf2 68. Rh2 Nb7 69. Kc6 Nd8+ 70. Kc7 Rb7+ {Precision: White = 28%, Black = 43%.} 0-1

[Event "Paris GCT 2017 Blitz"]
[Site "Paris"]
[Date "2017.06.25"]
[Round "17"]
[White "Vachier-Lagrave, Maxime"]
[Black "Karjakin, Sergey"]
[Result "1/2-1/2"]
[WhiteElo "2796"]
[BlackElo "2781"]
[Annotator "TA"]
[PlyCount "32"]
[EventDate "2017.??.??"]
[EventType "tourn"]
[EventCountry "FRA"]
[SourceTitle "playchess.com"]
[Source "ChessBase"]
[SourceQuality "1"]

{[%evp 10,32,27,11,20,5,19,19,18,13,4,-38,0,0,0,0,0,0,0,0,0,0,0,0,0]} 1. e4 e5 2. Nf3 Nc6 3. Bc4 Bc5 4. c3 Nf6 5. d3 O-O 6. Bg5 {[%cal Bc1g5,Bg5h4,Bh4g3][%mdl 32]} h6 {C54: Giuoco Piano: 4 c3 Nf6, main lines with 5 d4 and 5 d3} (6... d6 7. Nbd2 h6 8. Bh4 g5 9. Nxg5 hxg5 10. Bxg5 Kg7 11. Qf3 Be6 12. b4 Bb6 13. Bd5 a5 14. b5 Nb8 15. Bxb7 {½-½ (53) Carlsen,M (2840)-Karjakin,S (2785) Wijk aan Zee 2017}) 7. Bh4 g5 {[%cal Bg7g5,Bg5g4,Bg4f3][%mdl 32]} 8. Bg3 d6 9. a4 a6 10. Qd2 $146 (10. b4 $5 {[%cal Rb4c5]} Ba7 11. Nbd2 $11) ({Predecessor:} 10. O-O Bg4 11. h3 Bh5 12. Nbd2 Kh8 13. b4 Bb6 {0-1 (44) Mazzilli,P (2332)-Novikov,M (2518) Cappelle-la-Grande 2006}) 10... Nh5 11. h4 {[%cal Rh4g5] The position is equal.} Nxg3 12. fxg3 {[%cal Rh4g5]} g4 $1 {[%cal Rg4f3]} 13. Qxh6 {[#] White threatens Ng5 and mate.} gxf3 14. Qg6+ Kh8 15. Qh6+ Kg8 {...f2+ is the strong threat.} 16. Qg6+ Kh8 1/2-1/2

[Event "Paris GCT 2017 Blitz"]
[Site "Paris"]
[Date "2017.06.25"]
[Round "17"]
[White "Nakamura, Hikaru"]
[Black "Carlsen, Magnus"]
[Result "1-0"]
[WhiteElo "2785"]
[BlackElo "2832"]
[Annotator "TA"]
[PlyCount "125"]
[EventDate "2017.??.??"]
[EventType "tourn"]
[EventCountry "FRA"]
[SourceTitle "playchess.com"]
[Source "ChessBase"]
[SourceQuality "1"]

{[%evp 9,125,19,19,19,24,19,15,16,44,7,37,37,37,43,47,42,48,16,19,17,27,16,25,20,20,30,39,13,14,5,10,6,10,9,9,9,9,9,15,18,41,9,23,20,23,0,48,29,29,18,25,0,6,0,21,0,45,50,44,0,56,14,26,12,125,12,9,8,8,0,0,0,0,0,0,-17,-9,-19,-12,-13,-21,-42,0,0,0,0,0,0,42,43,131,16,41,16,16,21,28,33,53,56,125,141,184,185,247,252,316,316,571,559,556,525,808,800,800,774,5022,5057]} 1. Nf3 d5 2. e3 Nf6 3. c4 c6 4. d4 a6 5. Bd3 Bg4 6. Nbd2 {D11: Slav Defence: 3 Nf3 sidelines and 3...Nf6 4 e3 Bg4} (6. h3 $5 {[%cal Rh3g4]} Bxf3 7. Qxf3 $14) 6... e6 7. h3 (7. O-O Nbd7 8. b3 Bd6 9. Bb2 Bf5 10. Qc2 Bxd3 11. Qxd3 O-O 12. e4 dxe4 13. Nxe4 Nxe4 14. Qxe4 {½-½ (60) Vidit,S (2689)-Howell,D (2644) Doha 2016}) 7... Bh5 8. b3 {The position is equal.} Nbd7 9. Bb2 Bg6 (9... Bb4 $5 {[%cal Rf6e4]}) 10. Bxg6 hxg6 11. Qc2 Bb4 $146 ({Predecessor:} 11... Be7 12. O-O O-O 13. e4 dxe4 14. Nxe4 Nxe4 15. Qxe4 {½-½ (43) Roeder,M (2392)-Colijn,S (2174) Vlissingen 2010}) 12. O-O O-O 13. Bc3 Bxc3 14. Qxc3 c5 15. Rfd1 Rc8 16. Rac1 Qe7 17. Qb2 cxd4 18. Nxd4 (18. exd4 {feels hotter.} b6 19. Ne5 dxc4 20. bxc4 Nxe5 21. dxe5 Nd7 22. Nf3) 18... Ne5 19. N2f3 Nxf3+ 20. Nxf3 dxc4 21. Rxc4 Rxc4 22. bxc4 Rc8 23. Ne5 g5 24. Qb6 g6 25. a4 Qc7 26. Qb2 Qe7 27. Qb6 Kg7 (27... Qc7 $5 {[%cal Rc7b6]} 28. Qd4 Qc5 $14) 28. g3 Rc7 29. Qb2 Kg8 30. Rd4 Rc5 31. Rd1 Rc7 32. Kg2 Rc8 33. Rd3 Rc7 $1 34. Rd1 Rc8 35. a5 Rc7 36. Qb6 Rc8 {[#]} (36... Kg7 $11) 37. Rb1 ({Better is} 37. Rd6 $1 $16) 37... Rc7 $11 38. Rb2 Qc5 39. f4 gxf4 40. gxf4 {Strongly threatening Qxc5.} Ne4 41. Kf3 Nd6 42. Rb4 Kg7 43. Ke2 f6 44. Qxc5 Rxc5 {[%mdl 4096] Endgame KRN-KRN} 45. Nd3 Rxc4 46. Rb6 Ne4 47. Rxb7+ Kh6 48. Nb4 Rc3 (48... Nc5 $5 {[%cal Rc5b7]} 49. Rb8 Nb3 $11) 49. Rb6 Ra3 (49... Ng3+ $14 50. Kf2 Ne4+ 51. Kf3 f5) 50. Rxa6 (50. Rxe6 $16 Nc3+ 51. Kd2) 50... Ra4 51. Nc6 ({Weaker is} 51. Rxe6 Rxb4 52. Kd3 Nc5+ 53. Kc3 Ra4 $17) 51... Ra2+ 52. Kd1 Nc3+ 53. Ke1 Nd5 54. Ra8 $1 Ra1+ ({But not} 54... Nxe3 $6 55. a6 $18) (54... e5 $14) 55. Kd2 $16 Ra2+ 56. Kd3 Ra3+ (56... Ra4 {was necessary.} 57. Nd8 Nc7) 57. Kd4 $18 Nxe3 58. a6 {[%cal Ba5a6,Ba6a7][%mdl 32]} Nf5+ $2 (58... Nd5 {keeps fighting.} 59. a7 Ra4+ 60. Kc5 Nxf4 61. Rh8+ Kg5) 59. Kc5 {White is clearly winning.} Rc3+ 60. Kb6 {[#] Hoping for a7.} Nd6 61. a7 {Threatening mate with Rh8+.} Rb3+ 62. Kc5 {Intending Rh8+ and mate.} Ne4+ 63. Kd4 {Precision: White = 51%, Black = 44%.} 1-0

[Event "Paris GCT 2017 Blitz"]
[Site "Paris"]
[Date "2017.06.25"]
[Round "17"]
[White "Bacrot, Etienne"]
[Black "Grischuk, Alexander"]
[Result "1/2-1/2"]
[WhiteElo "2708"]
[BlackElo "2761"]
[Annotator "TA"]
[PlyCount "88"]
[EventDate "2017.??.??"]
[EventType "tourn"]
[EventCountry "FRA"]
[SourceTitle "playchess.com"]
[Source "ChessBase"]
[SourceQuality "1"]

{[%evp 10,88,16,15,33,38,29,15,15,15,18,-20,7,0,24,16,21,16,33,25,37,0,42,31,79,79,82,80,76,56,73,46,71,54,73,61,53,39,40,27,22,23,103,0,0,0,0,0,0,0,0,0,15,23,30,0,0,0,8,7,8,0,0,0,0,0,0,0,23,20,20,20,25,25,25,0,0,0,14,0,0]} 1. e4 c5 2. Nf3 Nc6 3. Bb5 g6 4. Bxc6 bxc6 5. O-O Bg7 6. Re1 Rb8 {B31: Sicilian: 2...Nc6 3 Bb5 g6} 7. e5 Nh6 {[%cal Bg8h6,Bh6f5,Bf5d4][%mdl 32]} 8. Nc3 O-O 9. h3 $146 ({Predecessor:} 9. Na4 d6 10. b3 Bg4 11. Bb2 Nf5 12. h3 Bxf3 13. Qxf3 Nd4 14. Bxd4 cxd4 15. exd6 Qxd6 {1-0 (66) Andreikin,D (2718)-Yu,Y (2715) Havana 2015}) 9... Nf5 10. b3 d6 11. Bb2 Nd4 12. Na4 dxe5 $1 13. Nxe5 {And now Bxd4 would win.} Qd5 14. Nc3 Qd6 15. Nc4 Qc7 16. Na4 Be6 17. c3 Bxc4 18. cxd4 Bd5 19. dxc5 e5 20. Nc3 Rbd8 21. Nxd5 Rxd5 22. b4 Rfd8 23. Bc3 e4 24. Bxg7 Rxd2 25. Qb3 Kxg7 {[#]} (25... Qf4 $1 $11 26. Qe3 Qxe3 27. Rxe3 Kxg7) 26. Rxe4 (26. Qc3+ $1 $16 f6 27. Rxe4) 26... R8d3 $11 27. Qa4 Qd7 28. Rae1 $1 Qd5 29. R4e2 ({Wrong is} 29. Qxa7 $2 Qf5 $19) 29... Rxe2 30. Rxe2 {[%mdl 4096] Endgame KQR-KQR} Rd1+ 31. Kh2 Rb1 32. Qxa7 Rxb4 (32... Qc4 $5 33. Qe7 $8 Qf4+ 34. g3 Qf3 35. Qe5+ Kg8 36. Qb8+ Kg7 37. Qe5+ Kg8 38. Qe8+ Kg7 39. Qe5+ $11) 33. Qe7 Ra4 34. Qd6 Rc4 35. Qxd5 cxd5 {KR-KR} 36. Kg3 (36. a4 $5) 36... Rxc5 37. Kf4 Kf6 38. Ke3 Ke5 39. Kd3+ Kd6 40. a4 Ra5 41. Ra2 Kc5 42. Rc2+ Kd6 {The position is equal.} 43. Ra2 Kc5 44. Rc2+ Kd6 {Precision: White = 56%, Black = 68%.} 1/2-1/2

[Event "Paris GCT 2017 Blitz"]
[Site "Paris"]
[Date "2017.06.25"]
[Round "18"]
[White "Carlsen, Magnus"]
[Black "So, Wesley"]
[Result "1-0"]
[WhiteElo "2832"]
[BlackElo "2812"]
[Annotator "TA"]
[PlyCount "49"]
[EventDate "2017.??.??"]
[EventType "tourn"]
[EventCountry "FRA"]
[SourceTitle "playchess.com"]
[Source "ChessBase"]
[SourceQuality "1"]

{[%evp 17,49,19,17,5,39,22,24,24,45,3,30,31,32,33,31,39,33,25,119,108,108,100,100,104,142,103,140,148,204,208,200,185,600,593]} 1. d4 Nf6 2. Bf4 d5 3. e3 c5 4. Nc3 (4. c3 e6 5. Nf3 Nc6 6. Nbd2 cxd4 7. exd4 Nh5 8. Bg5 f6 9. Be3 Bd6 10. Bb5 O-O 11. O-O a6 12. Ba4 Bd7 13. Ne1 Nf4 14. g3 Nh3+ {1-0 (52) Karjakin,S (2781)-Nakamura,H (2785) Stavanger 2017}) 4... a6 5. dxc5 e6 6. Na4 {D00: 1 d4 d5: Unusual lines} Bxc5 7. Nxc5 Qa5+ 8. c3 Qxc5 9. Nf3 Nc6 {LiveBook: 5 Games} 10. Bd3 h6 $146 ({Predecessor:} 10... O-O 11. O-O h6 {0-1 (67) Batsiashvili,N (2482)-Koneru,H (2557) Doha 2016}) 11. Ne5 O-O 12. O-O Qe7 13. c4 Nxe5 14. Bxe5 {[%cal Bf4e5,Be5c3,Bc3a5,Ba5b6][%mdl 32]} dxc4 15. Bxc4 {Strongly threatening Bd6.} Rd8 16. Qf3 $36 {[%mdl 2048] White fights for an advantage.} Nd5 17. e4 Nb6 (17... Nf6 $11 {keeps the balance.}) 18. Bb3 $16 {[#] Threatens to win with Qg3.} f6 19. Bc3 a5 20. a3 Kh8 21. Qe3 Ra6 22. Rad1 e5 (22... Rxd1 $16 {is a better defense.} 23. Rxd1 e5 24. Bxa5 Rxa5) 23. Bxa5 $18 Rxd1 24. Rxd1 Be6 $2 {[#]} (24... Rxa5 25. Qxb6 Rc5) 25. Bxb6 {Precision: White = 76%, Black = 35%.} 1-0